[Ordinatio ecclesiae, seu ministerii ecclesiastici, in florentissimo Regno Angliæ, conscripta sermone patrio, & in Latinam linguam bona fide conversa & ad consolationem ecclesiarum Christi, ubicunque locorum ac genitium, his tristissimis temporibus, (Запись № 11738530)

Подробности
000 -МАРКЕР
контрольное поле 01092nam0a2200265 4500
001 - ИДЕНТИФИКАТОР ЗАПИСИ
контрольное поле RU\NLR\BIBL_A\011165301
005 - ИДЕНТИФИКАТОР ВЕРСИИ
контрольное поле 20250625212305.0
035 ## - ДРУГИЕ СИСТЕМНЫЕ НОМЕРА
Идентификатор записи (NLR Aleph) 011165301
100 ## - ДАННЫЕ ОБЩЕЙ ОБРАБОТКИ
Данные общей обработки 20160623d1551 |||y0rusy50 ca
101 0# - ЯЗЫК РЕСУРСА
Язык текста, звукозаписи и т.д. русский
102 ## - СТРАНА ПУБЛИКАЦИИ ИЛИ ПРОИЗВОДСТВА
Страна публикации российская федерация
200 1# - ЗАГЛАВИЕ И СВЕДЕНИЯ ОБ ОТВЕТСТВЕННОСТИ
Основное заглавие [Ordinatio ecclesiae, seu ministerii ecclesiastici, in florentissimo Regno Angliæ, conscripta sermone patrio, & in Latinam linguam bona fide conversa & ad consolationem ecclesiarum Christi, ubicunque locorum ac genitium, his tristissimis temporibus,
Первые сведения об ответственности edita ab Alexandro Alesio Scoto Sacrae Theologiae Doctore]
210 ## - ПУБЛИКАЦИЯ, РАСПРОСТРАНЕНИЕ И ДР.
Место издания, распространения и т.д. [Lipsiae (Leipzig)
Имя издателя, распространителя и т. д. in officina Wolfgangi Gunteri
Дата издания, распространения и т.д. 1551]
215 ## - ФИЗИЧЕСКАЯ ХАРАКТЕРИСТИКА
Специфическое обозначение материала и объем [7], 66 л.
Другие сведения о физической характеристике табл.
Размеры 4° (19 см)
307 ## - ПРИМЕЧАНИЯ, ОТНОСЯЩИЕСЯ К ФИЗИЧЕСКОМУ ОПИСАНИЮ
Текст примечания Грав. инициал
316 ## - ПРИМЕЧАНИЯ ОБ ОСОБЕННОСТЯХ ЭКЗЕМПЛЯРА
Текст примечания Экз. деф.: нет тит. л.; утрач. часть текста на л. [1-7], 66
Организация и экземпляр, к которому относится поле 16.177.3.16
620 ## - МЕСТО И ДАТА ПУБЛИКАЦИИ, ИСПОЛНЕНИЯ И Т. Д.
Город Leipzig
700 #1 - ИМЯ ЛИЦА - ПЕРВИЧНАЯ ОТВЕТСТВЕННОСТЬ
Начальный элемент ввода Alesius
Часть имени, кроме начального элемента ввода A.
Даты 1500-1565
Расширение инициалов личного имени Alexander
Код отношения Автор
702 #1 - ИМЯ ЛИЦА - ВТОРИЧНАЯ ОТВЕТСТВЕННОСТЬ
Начальный элемент ввода Gunter
852 ## - МЕСТОНАХОЖДЕНИЕ И ШИФР ХРАНЕНИЯ
Идентификатор организации NLR
Шифр хранения (Call Number) 16.177.3.16
942 ## - ДОПОЛНИТЕЛЬНЫЕ ЭЛЕМЕНТЫ ЗАПИСИ (АБИС)
Тип экземпляра АБИС Книга
980 ## - КОЛЛЕКЦИЯ
Название коллекции Национальная библиография
980 ## - КОЛЛЕКЦИЯ
Название коллекции Книги XVI века на европейских языках

Нет доступных экземпляров.